000 00489nam a2200205Ia 4500
003 OSt
005 20230704145400.0
008 210210b2001 xxu||||| |||| 00| 0 eng d
020 _a81 7288 249 1
040 _cAL
041 _aEnglish
082 _a658.1511 GUPM
100 _aGUPTA (S P).
_9125472
245 _aManagement accounting
260 _aAgra.
_bSahitya Bhavan
_c2001
300 _a704
690 _aManagement Accounting
_9125473
906 _a057234
942 _2ddc
_cBK
999 _c104650
_d104650